Top 10 Worst 3 Point Shooters of All Time - Statistics

General Stats
  • This quiz has been taken 7 times
    3 since last reset
  • The average score is 4 of 10
Answer Stats
Hint Hint Answer % Correct
26.6% #1 Charles Barkley
100%
28.4% #2 Corey Brewer
33%
29.1% #7 Demar Derozan
33%
29.5% #9 Derrick Coleman
33%
29.3% #8 Dwyane Wade
33%
28.7% #4 Giannis Antetokounmpo
33%
29.0% #6 Isiah Thomas
33%
28.5% #3 Josh Smith
33%
29.8% #10 Reggie Williams
33%
28.9% #5 Ron Harper
33%
No matching quizzes found
Score Distribution
Percent of People with Each Score
Percentile by Number Answered
Your Score History
You have not taken this quiz since the last reset